Statistics for British Touring Car (BTCC) champions quiz

Click here to take the quiz!

General Stats

  • This quiz has been taken 48 times
    (29 since last reset)
  • The average score is 30 of 65

Answer Stats

YearDriverCar% Correct
2020Ashley SuttonInfiniti Q50
83%
2017Ashley SuttonSubaru Levorg GT
83%
2021Ashley SuttonInfiniti Q50
83%
2009Colin TurkingtonBMW 320si E90
83%
2019Colin TurkingtonBMW 330i M Sport
83%
2018Colin TurkingtonBMW 125i M Sport
83%
2014Colin TurkingtonBMW 125i M Sport
83%
2001Jason PlatoVauxhall Astra Coupé
83%
2010Jason PlatoChevrolet Cruze
83%
2005Matt NealHonda Integra
78%
2006Matt NealHonda Integra
78%
2011Matt NealHonda Civic
78%
1964Jim ClarkFord Lotus Cortina
70%
2022Tom IngramHyundai i30 N
70%
2012Gordon SheddenHonda Civic
65%
2016Gordon SheddenHonda Civic Type R
65%
2015Gordon SheddenHonda Civic Type R
65%
1989John ClelandVauxhall Astra GTE 16v
65%
1995John ClelandVauxhall Cavalier
65%
2013Andrew JordanHonda Civic
61%
1998Rickard RydellVolvo S40
61%
1992Tim HarveyBMW 318iS
61%
2000Alain MenuFord Mondeo
57%
1997Alain MenuRenault Laguna
57%
2003Yvan MullerVauxhall Astra Coupé
57%
1994Gabriele TarquiniAlfa Romeo 155 TS
52%
2004James ThompsonVauxhall Astra Coupé
52%
2002James ThompsonVauxhall Astra Coupé
52%
1983Andy RouseAlfa Romeo GTV6
48%
1984Andy RouseRover Vitesse
48%
1975Andy RouseTriumph Dolomite Sprint
48%
1985Andy RouseFord Sierra XR4ti Turbo
48%
2007Fabrizio GiovanardiVauxhall Vectra VXR
48%
2008Fabrizio GiovanardiVauxhall Vectra VXR
48%
1963Jack SearsFord Galaxie/Lotus Cortina
48%
1958Jack SearsAustin 105 Westminster
48%
1996Frank BielaAudi A4 quattro
43%
1999Laurent AielloNissan Primera
43%
1982Win PercyToyota Corolla
43%
1981Win PercyMazda RX-7
43%
1980Win PercyMazda RX-7
43%
1993Joachim WinkelhockBMW 318i
39%
1990Robb GravettFord Sierra RS500
39%
1991Will HoyBMW M3
39%
1988Frank SytnerBMW M3
30%
1987Chris HodgettsToyota Corolla GT
26%
1986Chris HodgettsToyota Corolla GT
26%
1973Frank GardnerChevrolet Camaro Z28
22%
1968Frank GardnerFord Escort Twin Cam
22%
1967Frank GardnerFord Falcon Sprint
22%
1972Bill McGovernSunbeam Imp
17%
1971Bill McGovernSunbeam Rallye Imp
17%
1970Bill McGovernSunbeam Imp
17%
1959Jeff UrenFord Zephyr Six
13%
1978Richard LongmanBL Mini 1275GT
13%
1979Richard LongmanBL Mini 1275GT
13%
1961Sir John WhitmoreAustin Se7en
13%
1976Bernard UnettChrysler Avenger GT
9%
1974Bernard UnettHillman Avenger GT
9%
1977Bernard UnettChrysler Avenger GT
9%
1960Doc ShepherdAustin A40
9%
1962John LoveMini Cooper
9%
1965Roy PierpointFord Mustang
9%
1969Alec PooleAustin Cooper 970S
4%
1966John FitzpatrickFord Anglia
4%

Score Distribution

Percentile by Number Answered

Percent of People with Each Score

Your Score History

You have not taken this quiz since the last reset